000 01894nam a2200361 c 4500
003 BLK
005 20180420215446.0
008 180413b bul|||||r ||||||| ||bul||
010 _aKNG00021494000
020 _a954-494-270-Х
_bиздат.: Унив. изд. Стопанство
040 _aBLK
041 _aBUL
_cBUL
080 _aТехника на търговията (икон. аспекти). Условия на сделките. Форми на стокообмен и разпределение на стоките. Условия на доставките, на плащане. Размяна. Бартерни сделки. Покупка. Продажба. Фр
_b339.18
_x(075.8)
_z339.18(075.8)
080 _aПласмент. Продажби
_b658.8
_x(075.8)
_z658.8(075.8)
100 1 _aКостова, Септемврина Георгиева
_eпърви автор
_9260043
700 1 _aПетров, Иван Митов
_eсъавт.
_9263745
139 _aКостова, Септемврина Георгиева и др.
_bК 86
245 1 0 _aУправление на продажбите
_cСептемврина Георгиева Костова; съавт. Иван Митов Петров.
250 _a2. прераб. и доп. изд.
257 _aBGR
260 София
_bУнив. изд. Стопанство
_c1997
_fСофия : УНСС
300 _a248 с.
_bсъс сх., табл.
_c20 см
380 _a3
500 _aДеп. списък: 13 Изд. на УНСС - София ; 800 тир.
650 4 _aТърговия - организация и управление
_9252056
650 4 _aУправление - търговия
_9263746
653 _aуправление
852 _aЦб 196340
856 4 _qpdf
_u
856 4 _qpdf
_u
942 _cKNG
_n0
944 _aCR
_c15.01.2003
_kРенета_Константинова
944 _aED
_c04.11.2014
_k
999 _c19371
_d19371